[Event "Oberliga Wuerttemberg 1011"]
[Site "Wuerttemberg"]
[Date "2011.04.17"]
[Round "9"]
[White "Weidel, Albrecht"]
[Black "Rupp, Michael"]
[Result "1/2-1/2"]
[WhiteElo "2225"]
[BlackElo "2240"]
[PlyCount "96"]
[EventDate "2010.09.26"]
[EventType "team-tourn"]
[EventRounds "9"]
[EventCountry "GER"]
[SourceTitle "EXT 2019"]
[Source "ChessBase"]
[SourceDate "2018.10.10"]
[SourceVersion "1"]
[SourceVersionDate "2018.10.10"]
[SourceQuality "1"]
[WhiteTeam "Biberach"]
[BlackTeam "Ebersbach"]
[WhiteTeamCountry "GER"]
[BlackTeamCountry "GER"]

1. d4 Nf6 2. Nf3 d5 3. c4 e6 4. cxd5 exd5 5. Nc3 Bb4 6. Qa4+ Nc6 7. Bg5 0-0 8. e3 h6 9. Bh4 g5 10. Bg3 Ne4 11. Rc1 h5 12. Bb5 Bxc3+ 13. bxc3 h4 14. Be5 f6 15. Bxc6 fxe5 16. Bb5 exd4 17. Qxd4 c5 18. Qe5 Rf5 19. Qe8+ Qxe8 20. Bxe8 h3 21. 0-0 Kg7 22. Bb5 hxg2 23. Kxg2 g4 24. Ng1 c4 25. Ne2 Re5 26. Ba4 Be6 27. Rfd1 Bf7 28. Nf4 b5 29. Bxb5 Rb8 30. Ba4 Rb2 31. Rc2 Rxc2 32. Bxc2 Nxc3 33. Ra1 Kf6 34. a3 Re7 35. Bd1 Kg5 36. h3 gxh3+ 37. Nxh3+ Kf6 38. Bf3 Rb7 39. Nf4 Rb2 40. Rh1 Kg7 41. Nh5+ Kf8 42. Nf4 Ra2 43. Rh8+ Ke7 44. Rh7 Kf8 45. Rh8+ Kg7 46. Rd8 Ne4 47. Bxe4 dxe4 48. Rc8 Rxa3 1/2-1/2

[Event "Oberliga Wuerttemberg 1011"]
[Site "Wuerttemberg"]
[Date "2011.02.13"]
[Round "6"]
[White "Weiss, Andreas"]
[Black "Rupp, Michael"]
[Result "1/2-1/2"]
[WhiteElo "2237"]
[BlackElo "2240"]
[PlyCount "88"]
[EventDate "2010.09.26"]
[EventType "team-tourn"]
[EventRounds "9"]
[EventCountry "GER"]
[SourceTitle "EXT 2019"]
[Source "ChessBase"]
[SourceDate "2018.10.10"]
[SourceVersion "1"]
[SourceVersionDate "2018.10.10"]
[SourceQuality "1"]
[WhiteTeam "Schwaebisch Gmuend"]
[BlackTeam "Ebersbach"]
[WhiteTeamCountry "GER"]
[BlackTeamCountry "GER"]

1. e4 d6 2. f4 g6 3. Nf3 Bg7 4. g3 Nf6 5. d3 0-0 6. Bg2 c5 7. Nc3 Nc6 8. 0-0 Rb8 9. h3 b5 10. a3 a5 11. Be3 Nd7 12. Qd2 Nd4 13. Rab1 Ba6 14. b4 Nxf3+ 15. Bxf3 cxb4 16. axb4 Rc8 17. Ne2 a4 18. Rfc1 Nb6 19. c3 Bb7 20. Bf2 f5 21. Qe3 fxe4 22. Bxe4 Bxe4 23. Qxe4 e5 24. fxe5 Bxe5 25. Nf4 Re8 26. Nd5 Nd7 27. Qf3 Bg7 28. Re1 Rf8 29. Qe4 Ne5 30. Kg2 Kh8 31. Bd4 Qg5 32. Nf4 Rce8 33. Re2 Rf5 34. Rf1 Ref8 35. Ne6 Qf6 36. Nxf8 Rxf1 37. Nd7 Qf7 38. Nxe5 dxe5 39. Bxe5 h5 40. Bxg7+ Kxg7 41. c4 a3 42. Qe5+ Kh7 43. Qe7 Rf2+ 44. Kg1 Rf1+ 1/2-1/2

[Event "Oberliga Wuerttemberg 1011"]
[Site "Wuerttemberg"]
[Date "2010.10.17"]
[Round "2"]
[White "Braeuning, Rudolf Wilhelm"]
[Black "Rupp, Michael"]
[Result "1-0"]
[WhiteElo "2371"]
[BlackElo "2240"]
[PlyCount "59"]
[EventDate "2010.09.26"]
[EventType "team-tourn"]
[EventRounds "9"]
[EventCountry "GER"]
[SourceTitle "EXT 2019"]
[Source "ChessBase"]
[SourceDate "2018.10.10"]
[SourceVersion "1"]
[SourceVersionDate "2018.10.10"]
[SourceQuality "1"]
[WhiteTeam "Bebenhausen"]
[BlackTeam "Ebersbach"]
[WhiteTeamCountry "GER"]
[BlackTeamCountry "GER"]

1. e4 e5 2. f4 exf4 3. Nf3 g5 4. Bc4 Bg7 5. 0-0 d6 6. d4 h6 7. c3 Nc6 8. g3 Bh3 9. gxf4 Bxf1 10. Qxf1 g4 11. Ne1 Nxd4 12. cxd4 Bxd4+ 13. Kh1 Qf6 14. Nc3 Ne7 15. Bd2 0-0-0 16. Nc2 Rhg8 17. Be1 Bxc3 18. Bxc3 Qg6 19. Qg2 d5 20. exd5 g3 21. hxg3 Nxd5 22. Be5 c6 23. Qh3+ Rd7 24. Bxd5 Qxc2 25. Bf3 f5 26. Rg1 Qd3 27. Qg2 Rg6 28. Bd1 h5 29. Bc2 Rxg3 30. Qxg3 1-0

[Event "Oberliga Wuerttemberg 1011"]
[Site "Wuerttemberg"]
[Date "2010.09.26"]
[Round "1"]
[White "Rupp, Michael"]
[Black "Engelhart, Achim"]
[Result "1-0"]
[WhiteElo "2240"]
[BlackElo "2161"]
[PlyCount "71"]
[EventDate "2010.09.26"]
[EventType "team-tourn"]
[EventRounds "9"]
[EventCountry "GER"]
[SourceTitle "EXT 2019"]
[Source "ChessBase"]
[SourceDate "2018.10.10"]
[SourceVersion "1"]
[SourceVersionDate "2018.10.10"]
[SourceQuality "1"]
[WhiteTeam "Ebersbach"]
[BlackTeam "Ulm Post"]
[WhiteTeamCountry "GER"]
[BlackTeamCountry "GER"]

1. d4 d5 2. c4 dxc4 3. Nf3 e6 4. e3 c5 5. Bxc4 a6 6. 0-0 Nf6 7. Nc3 b5 8. Bb3 Bb7 9. Qe2 Nbd7 10. Rd1 Qb6 11. d5 Nxd5 12. Nxd5 Bxd5 13. Bxd5 exd5 14. Rxd5 Be7 15. e4 Qb7 16. Bg5 f6 17. Rad1 Nb6 18. Bf4 Nxd5 19. exd5 0-0 20. d6 Bd8 21. d7 Bc7 22. Qe6+ Kh8 23. Be3 c4 24. Bc5 Rg8 25. Nd4 h6 26. Nc6 Bd8 27. Be7 Bxe7 28. Nxe7 Rgd8 29. Nf5 Qc7 30. Qe7 Rg8 31. Rd6 Rad8 32. g3 b4 33. Nxh6 gxh6 34. Rxf6 Rg7 35. Rxh6+ Kg8 36. Qe8+ 1-0

[Event "Obersulm op"]
[Site "Obersulm"]
[Date "2008.08.27"]
[Round "5"]
[White "Rupp, Michael"]
[Black "Kracke, Moritz"]
[Result "1-0"]
[WhiteElo "2277"]
[BlackElo "2082"]
[PlyCount "57"]
[EventDate "2008.08.23"]
[EventType "swiss"]
[EventRounds "9"]
[EventCountry "GER"]
[SourceTitle "CBM 126 Extra"]
[Source "ChessBase"]
[SourceDate "2008.11.05"]
[SourceVersion "1"]
[SourceVersionDate "2008.11.05"]
[SourceQuality "1"]

1. d4 Nf6 2. Nf3 e6 3. c4 d5 4. Nc3 Nbd7 5. Bg5 c6 6. e3 Qa5 7. Nd2 Bb4 8. Qc2 0-0 9. Be2 e5 10. 0-0 exd4 11. Nb3 Qc7 12. Nxd4 Bd6 13. f4 Re8 14. Rf3 Ng4 15. Qd2 h6 16. Bh4 g5 17. Bg3 Nf8 18. fxg5 Nxh2 19. Kxh2 hxg5 20. Bxd6 Qxd6+ 21. Kg1 g4 22. Rf4 Ng6 23. Rxg4 Bxg4 24. Bxg4 Qg3 25. Nf5 Qe5 26. cxd5 Rad8 27. Rf1 Kh7 28. d6 Re6 29. Rf3 1-0

[Event "Obersulm op"]
[Site "Obersulm"]
[Date "2008.08.26"]
[Round "4"]
[White "Tuncer, Ufuk"]
[Black "Rupp, Michael"]
[Result "1-0"]
[WhiteElo "2323"]
[BlackElo "2277"]
[PlyCount "165"]
[EventDate "2008.08.23"]
[EventType "swiss"]
[EventRounds "9"]
[EventCountry "GER"]
[SourceTitle "CBM 126 Extra"]
[Source "ChessBase"]
[SourceDate "2008.11.05"]
[SourceVersion "1"]
[SourceVersionDate "2008.11.05"]
[SourceQuality "1"]

1. e4 c5 2. Nf3 e6 3. d4 cxd4 4. Nxd4 a6 5. Bd3 Bc5 6. Nb3 Be7 7. c4 d6 8. 0-0 Nf6 9. Nc3 b6 10. a4 Nc6 11. Be3 Bb7 12. f3 Nd7 13. Be2 Nc5 14. Nd4 Nb4 15. Na2 Nxa2 16. Rxa2 a5 17. Qd2 0-0 18. Rd1 Qb8 19. Bf2 Rd8 20. Bg3 h6 21. Nb5 Bg5 22. Qc3 Bf6 23. Qe3 e5 24. Bf2 Bc6 25. Qa3 Be7 26. Nc3 Ra7 27. Nb5 Rad7 28. Qc3 Ne6 29. Qc2 Nc5 30. Nc3 Na6 31. Qb1 Nb4 32. Ra3 Na6 33. Nd5 Nc5 34. b3 Rf8 35. Ra2 Bg5 36. h4 Bd8 37. Ne3 g6 38. Rad2 h5 39. g3 Kg7 40. Bf1 Be7 41. Bh3 Rdd8 42. Nd5 Qb7 43. Qc2 Rfe8 44. Re1 Bf8 45. Qc3 f6 46. Bg2 Bxd5 47. Rxd5 Qf7 48. f4 Kg8 49. f5 Kh8 50. fxg6 Qxg6 51. Qc2 Re7 52. Bh3 Rg7 53. Bf5 Qe8 54. Kh2 Rb8 55. Be3 Rg8 56. Qd1 Rb7 57. Rd2 Rbg7 58. Rg2 Qf7 59. Reg1 Qe8 60. Rf1 Qf7 61. Rff2 Rg4 62. Bxg4 Rxg4 63. Bxc5 bxc5 64. Rf5 Kg7 65. Qf3 Be7 66. Rf2 Qg6 67. Qd3 Qf7 68. R2f3 Kh6 69. Qf1 Kg7 70. Rg5+ Rxg5 71. hxg5 Qg6 72. gxf6+ Bxf6 73. Rf5 Bg5 74. Qf3 Bf6 75. Qxh5 Qxh5+ 76. Rxh5 Kg6 77. g4 Bg7 78. Kg3 Bf6 79. Rf5 Be7 80. Kf3 Bf6 81. g5 Bxg5 82. Rf8 Kg7 83. Ra8 1-0

[Event "Oberliga Wuerttemberg 0708"]
[Site "Wuerttemberg"]
[Date "2008.02.10"]
[Round "6.3"]
[White "Rupp, Michael"]
[Black "Pieper, Thomas"]
[Result "1-0"]
[WhiteElo "2251"]
[BlackElo "2211"]
[PlyCount "105"]
[EventDate "2007.10.07"]
[EventType "team-tourn"]
[EventRounds "9"]
[EventCountry "GER"]
[SourceTitle "EXT 2018"]
[Source "ChessBase"]
[SourceDate "2017.10.13"]
[SourceVersion "1"]
[SourceVersionDate "2017.10.13"]
[SourceQuality "1"]
[WhiteTeam "Ebersbach"]
[BlackTeam "Ulm Post"]
[WhiteTeamCountry "GER"]
[BlackTeamCountry "GER"]

1. d4 Nf6 2. c4 g6 3. Nc3 Bg7 4. e4 d6 5. Nf3 0-0 6. Be2 e5 7. 0-0 exd4 8. Nxd4 Re8 9. f3 Nc6 10. Be3 Nh5 11. Nxc6 bxc6 12. Qd2 f5 13. c5 f4 14. Bf2 Be5 15. Bc4+ Kh8 16. Rfd1 Qf6 17. cxd6 cxd6 18. Bd4 Be6 19. Ba6 Rab8 20. Bxe5 dxe5 21. Na4 g5 22. Be2 Rg8 23. Nc5 Bc8 24. b3 g4 25. fxg4 f3 26. Bxf3 Nf4 27. Nd7 Bxd7 28. Qxd7 Nh3+ 29. Kf1 Rbf8 30. Qf5 Qh4 31. Qxe5+ Rg7 32. Qg3 Rxg4 33. Qxh4 Rxh4 34. Rac1 Rxe4 35. Rxc6 Re3 36. Re1 Rfe8 37. Rxe3 Rxe3 38. Rc8+ Kg7 39. Rc7+ Kh6 40. Rc6+ Kg5 41. Ra6 Rc3 42. Ke2 Nf4+ 43. Kd2 Rc7 44. Ra5+ Kf6 45. Ke3 Ng6 46. Be4 Re7 47. g3 Ne5 48. h3 Ng6 49. Ra6+ Ke5 50. g4 Rg7 51. b4 Ne7 52. a4 h5 53. Ra5+ 1-0

[Event "Oberliga Wuerttemberg 0708"]
[Site "Wuerttemberg"]
[Date "2007.12.09"]
[Round "4.3"]
[White "Rupp, Michael"]
[Black "Jurek, Josef"]
[Result "1/2-1/2"]
[WhiteElo "2251"]
[BlackElo "2339"]
[PlyCount "138"]
[EventDate "2007.10.07"]
[EventType "team-tourn"]
[EventRounds "9"]
[EventCountry "GER"]
[SourceTitle "EXT 2018"]
[Source "ChessBase"]
[SourceDate "2017.10.13"]
[SourceVersion "1"]
[SourceVersionDate "2017.10.13"]
[SourceQuality "1"]
[WhiteTeam "Ebersbach"]
[BlackTeam "Schwaebisch Gmuend"]
[WhiteTeamCountry "GER"]
[BlackTeamCountry "GER"]

1. d4 Nf6 2. Nf3 e6 3. c4 b6 4. g3 Bb4+ 5. Nbd2 Bb7 6. Bg2 c5 7. a3 Bxd2+ 8. Qxd2 cxd4 9. Qxd4 Nc6 10. Qc3 Rc8 11. b4 d5 12. cxd5 Qxd5 13. 0-0 0-0 14. Bb2 Rfd8 15. Qe3 Qh5 16. h3 Nd5 17. Qb3 f5 18. Rfe1 f4 19. g4 Qe8 20. Rad1 Qe7 21. Rd3 Rd7 22. Red1 Rcd8 23. Qc4 h6 24. Kh2 a6 25. Qe4 Qf7 26. Ne5 Nxe5 27. Qxe5 Rf8 28. Be4 Qf6 29. Rf3 Qxe5 30. Bxe5 g5 31. Rc1 Rfd8 32. h4 Ne3 33. fxe3 Bxe4 34. Rh3 Rd2 35. hxg5 Rxe2+ 36. Kg1 f3 37. Rxh6 f2+ 38. Kf1 Re1+ 39. Rxe1 fxe1Q+ 40. Kxe1 Kf7 41. Rh7+ Ke8 42. Rh8+ Kd7 43. Rh7+ Kc6 44. Re7 Rd3 45. Bd4 Kd6 46. Ra7 Rxa3 47. Bxb6 Kc6 48. Bc5 a5 49. Ra6+ Kd5 50. Rd6+ Ke5 51. Rd2 Bd3 52. Rxd3 Rxd3 53. bxa5 Kd5 54. Ke2 Rb3 55. Bb6 e5 56. g6 Ke6 57. g5 e4 58. Kf2 Rb5 59. Bd8 Rd5 60. Bb6 Rf5+ 61. Kg3 Rxg5+ 62. Kf4 Rxg6 63. Kxe4 Kd6 64. Kf5 Rg8 65. a6 Kc6 66. Bd4 Ra8 67. a7 Re8 68. e4 Kb7 69. e5 Rxe5+ 1/2-1/2

[Event "Saarland-ch A"]
[Site "Saarlouis Steinrausch"]
[Date "2005.03.21"]
[Round "4"]
[White "Rupp, Michael"]
[Black "Nicola, Ruth"]
[Result "0-1"]
[WhiteElo "1687"]
[BlackElo "1720"]
[PlyCount "76"]
[EventDate "2005.03.18"]
[EventType "swiss"]
[EventRounds "9"]
[EventCountry "GER"]
[SourceTitle "EXT 2012"]
[Source "ChessBase"]
[SourceDate "2011.11.24"]
[SourceVersion "1"]
[SourceVersionDate "2011.11.24"]
[SourceQuality "1"]

1. d4 Nf6 2. e3 g6 3. Nf3 Bg7 4. c4 0-0 5. Nc3 d6 6. h3 c5 7. Bd3 a6 8. 0-0 h6 9. Rb1 Nbd7 10. Qc2 Re8 11. d5 Nf8 12. e4 N6d7 13. Bf4 g5 14. Bh2 Ng6 15. Ne2 Nde5 16. Nxe5 dxe5 17. b4 b6 18. bxc5 bxc5 19. Rb2 Nf4 20. Rfb1 Qc7 21. Ng3 Kh8 22. Bf1 Rg8 23. Qd1 Bf6 24. Nh5 Nxh5 25. Qxh5 Rg6 26. Rb6 g4 27. Rc6 Qa5 28. Bxe5 gxh3 29. g3 Bg4 30. Bxf6+ exf6 31. Qh4 Qxa2 32. Rbb6 h2+ 33. Qxh2 Qa1 34. e5 Qxe5 35. Rxa6 Rag8 36. Qh4 Bf3 37. Rxf6 Rxg3+ 38. fxg3 Qe3+ 0-1

[Event "Saarland-ch A"]
[Site "Saarlouis Steinrausch"]
[Date "2005.03.19"]
[Round "2"]
[White "Rupp, Michael"]
[Black "Rech, Hermann"]
[Result "1/2-1/2"]
[WhiteElo "1687"]
[BlackElo "1757"]
[PlyCount "45"]
[EventDate "2005.03.18"]
[EventType "swiss"]
[EventRounds "9"]
[EventCountry "GER"]
[SourceTitle "EXT 2012"]
[Source "ChessBase"]
[SourceDate "2011.11.24"]
[SourceVersion "1"]
[SourceVersionDate "2011.11.24"]
[SourceQuality "1"]

1. d4 Nf6 2. e3 d5 3. c4 e6 4. Nc3 c6 5. Nf3 Bd6 6. Bd3 Nbd7 7. 0-0 0-0 8. cxd5 exd5 9. Qc2 g6 10. Bd2 Re8 11. Rfe1 Nf8 12. e4 Nxe4 13. Nxe4 dxe4 14. Rxe4 Be6 15. Rae1 Qd7 16. a3 Bd5 17. R4e3 Rxe3 18. Rxe3 Re8 19. Ne5 Qc7 20. Bc3 Kg7 21. f3 f6 22. Ng4 Rxe3 23. Nxe3 1/2-1/2

[Event "Nuremberg-ch op 03rd"]
[Site "Nuremberg"]
[Date "2003.06.01"]
[Round "5"]
[White "Lotz, Marcus"]
[Black "Rupp, Michael"]
[Result "1/2-1/2"]
[WhiteElo "1554"]
[BlackElo "1551"]
[PlyCount "75"]
[EventDate "2003.05.30"]
[EventType "swiss"]
[EventRounds "5"]
[EventCountry "GER"]
[SourceTitle "EXT 2006"]
[Source "ChessBase"]
[SourceDate "2005.11.24"]
[SourceVersion "1"]
[SourceVersionDate "2005.11.24"]
[SourceQuality "1"]

1. d4 d5 2. c4 e6 3. Nf3 Nf6 4. cxd5 Nxd5 5. e4 Nf6 6. Nc3 h6 7. a3 Be7 8. Bc4 c6 9. 0-0 0-0 10. Re1 Nbd7 11. d5 Nb6 12. Bb3 exd5 13. exd5 cxd5 14. Be3 Re8 15. Ba2 Bg4 16. h3 Bxf3 17. Qxf3 Qc7 18. Bxb6 axb6 19. Nxd5 Nxd5 20. Bxd5 Bf6 21. Rxe8+ Rxe8 22. Rb1 Bxb2 23. g3 Bf6 24. Bxb7 Rb8 25. Bc6 Rd8 26. Ba4 Rd6 27. Bb5 Qd8 28. Re1 Be7 29. Kg2 Rf6 30. Qd3 Qxd3 31. Bxd3 Kf8 32. Bb5 g6 33. f4 Re6 34. Rxe6 fxe6 35. Kf3 Kf7 36. g4 g5 37. f5 exf5 38. gxf5 1/2-1/2

[Event "Nuremberg-ch op 03rd"]
[Site "Nuremberg"]
[Date "2003.05.31"]
[Round "2"]
[White "Roth, Walter"]
[Black "Rupp, Michael"]
[Result "1-0"]
[WhiteElo "1627"]
[BlackElo "1551"]
[PlyCount "39"]
[EventDate "2003.05.30"]
[EventType "swiss"]
[EventRounds "5"]
[EventCountry "GER"]
[SourceTitle "EXT 2006"]
[Source "ChessBase"]
[SourceDate "2005.11.24"]
[SourceVersion "1"]
[SourceVersionDate "2005.11.24"]
[SourceQuality "1"]

1. e4 e5 2. Nf3 Nc6 3. Bb5 a6 4. Ba4 Nf6 5. 0-0 b5 6. Bb3 Be7 7. Re1 d6 8. c3 0-0 9. d4 Bg4 10. Bc2 exd4 11. cxd4 Bxf3 12. gxf3 Qd7 13. Kh1 Rfe8 14. Be3 Qc8 15. Nd2 Nb4 16. Bb1 d5 17. a3 Nc6 18. Qc2 Qb7 19. e5 Nd7 20. Qxh7+ 1-0

[Event "Deizisau op"]
[Site "Deizisau"]
[Date "2000.??.??"]
[Round "9"]
[White "Rupp, Michael"]
[Black "Christiansen, Larry Mark"]
[Result "0-1"]
[WhiteElo "2246"]
[BlackElo "2596"]
[PlyCount "50"]
[EventDate "2000.??.??"]
[EventType "swiss"]
[EventRounds "9"]
[EventCountry "GER"]
[SourceTitle "EXT 2001"]
[Source "ChessBase"]
[SourceDate "2000.11.22"]
[SourceVersion "1"]
[SourceVersionDate "2000.11.22"]
[SourceQuality "1"]

1. d4 Nf6 2. c4 Nc6 3. Nf3 e6 4. a3 d6 5. Nc3 g6 6. e4 Bg7 7. d5 Ne7 8. Be2 0-0 9. 0-0 exd5 10. cxd5 c6 11. dxc6 Nxc6 12. Bg5 h6 13. Bh4 Re8 14. Qd3 g5 15. Bg3 Nxe4 16. Nxe4 Bf5 17. Nfd2 d5 18. Bh5 dxe4 19. Qb5 Qd7 20. Nc4 Nd4 21. Qxd7 Bxd7 22. Nd6 Re7 23. a4 f5 24. h3 f4 25. Bh2 Bc6 0-1

[Event "Tuebingen-ch 55th"]
[Site "Tuebingen"]
[Date "1996.??.??"]
[Round "?"]
[White "Rupp, Michael"]
[Black "Schlotterbeck, Peter"]
[Result "0-1"]
[WhiteElo "2025"]
[BlackElo "1950"]
[PlyCount "72"]
[EventDate "1996.??.??"]
[EventType "swiss"]
[EventRounds "9"]
[EventCountry "GER"]
[SourceTitle "EXT 1999"]
[Source "ChessBase"]
[SourceDate "1998.11.16"]
[SourceVersion "1"]
[SourceVersionDate "1998.11.16"]
[SourceQuality "1"]

1. c4 Nf6 2. Nc3 g6 3. e4 d6 4. d4 Bg7 5. Nf3 0-0 6. Be2 e5 7. Be3 Nc6 8. 0-0 Bg4 9. d5 Ne7 10. c5 Ne8 11. Rc1 h6 12. Nd2 Bxe2 13. Qxe2 f5 14. f3 f4 15. Bf2 g5 16. Nb5 a6 17. cxd6 cxd6 18. Na3 Rc8 19. Nb3 Rf7 20. Nc4 Ng6 21. a4 Bf8 22. Kh1 h5 23. Rc3 Nf6 24. Rfc1 g4 25. Nb6 Rxc3 26. Rxc3 Rc7 27. Rxc7 Qxc7 28. Qc4 Qg7 29. Be1 h4 30. Qe2 h3 31. gxh3 gxf3 32. Qxf3 Qc7 33. Qg2 Qxb6 34. Qxg6+ Bg7 35. Bh4 Qxb3 36. Bxf6 Qd1+ 0-1